| 000 | 00932nam a2200253 a 4500 | ||
|---|---|---|---|
| 005 | 19900720100950.3 | ||
| 008 | 891020s1990 nyua b 001 0 eng | ||
| 010 | _aENG-92185 | ||
| 020 |
_a9780070620599 _c225.00 |
||
| 020 |
_a0070620598 _c225.00 |
||
| 035 | _aEN-75718 | ||
| 037 | _bDBAD / PUB | ||
| 040 |
_adpl _bEnglish |
||
| 082 | _a005 | ||
| 100 | _aGahlot, Preeti | ||
| 245 |
_aTata Mcgraw-Hill's informatics practices : _cby Preeti Gahlot [and] Naveen Chhabra _bfor class XI / |
||
| 246 |
_aInformatics practices : _bfor class XI / |
||
| 260 |
_aNew Delhi _bTata McGraw-Hill Publishing _c2009 |
||
| 300 |
_axii, 845p.: _c24 cm (pbk) _bill. |
||
| 650 |
_aInformation technology _vTextbooks. |
||
| 700 | _aChhabra, Naveen | ||
| 942 |
_2ddc _cEN _mGAH _h005 |
||
| 999 |
_c19819 _d19819 |
||